02240nam a2200301 a 450000100060000000300080000600500170001400800410003103500190007203500190009104000580011004100080016808200250017610000460020124501360024725000140038326000590039730000760045649000730053250400200060550508270062565000610145283000710151394200120158499900170159695201640161395201610177727993BD-RjUL20211209051227.0140329r19491962n abc b 001 0 eng d a(BD-RjUL)28074 a(OCoLC)7288530 aDLCcNCorniSdOCoLCdODaWUdScCCdOCoLCdBD-RjULbeng aeng a940.545973bMOH 19621 aMorison, Samuel Eliot,d1887-1976.97421910aHistory of United States naval operations in World War IInVolume-IV,p Coral Sea, Midway and Submarne Actions May 1942-August 1942 a[1st ed.] aBoston :bLittle, Brown,c1949 [Reprinted 1962, 1967]. axxiii, 307 p. :billus., ports., maps (part fold., part col.) ;c23 cm. aHistory of United States naval operations in World War IIvVolume IV aIncludes Index.0 av. 1. The Battle of the Atlantic, September 1939-May 1943.--v. 2. Operations in North African waters, October 1942-June 1943.--v. 3. The Rising Sun in the Pacific, 1931-April 1942.--v. 4. Coral Sea, Midway and submarine actions, May 1942-August 1942.--v. 5. The struggle for Guadalcanal, August 1942-February 1943.--v. 6. Breaking the Bismarcks barrier, 22 July 1942-1 May 1944.--v. 7. Aleutians, Gilberts and Marshalls, June 1942-April 1944.--v. 8. New Guinea and the Marianas, March 1944-August 1944.--v. 9. Sicily, Salerno, Anzio, January 1943-June 1944.--v. 10. The Atlantic battle won, May 1943-May 1945.--v. 11. The invasion of France and Germany, 1944-1945.--v. 12. Leyte, June 1944-January 1945.--v. 13. The liberation of the Philippines.--v. 14. Victory in the Pacific, 1945.--v. 15. Supplement and general index. 0aWorld War, 1939-1945xNaval operations, American.985862 aHistory of United States naval operations in World War II.9113876 2ddccBK c27993d27993 00102ddc40708NFICaRUCLbRUCLcReadingd1967-03-30ePark. American Communicateg39.38l0o940.545973 MOH V-4 1962r2014-03-29 00:00:00tC-1w2021-12-09yBK 00102ddc40708NFICaRUCLbRUCLcStackd1970-01-20eZeitlingerg62.00l1m1o940.545973 MOH V-4 1967r2015-06-27 00:00:00s2014-11-08tC-2w2021-12-09yBK